000 00611nam a2200217Ia 4500
003 OSt
005 20241023111848.0
008 240925s9999 xx 000 0 und d
020 _a157800590
040 _csd
082 _a004.65 BER
100 _aBerkowitz ,Howard C.
245 0 _aDesigning Addressing Architectures: for routing and Switching
250 _aNA
260 _aIndianapolis:
_bMacmillan Publication
_c,1999.
300 _axxiv,568p.
_bNA
_fOriginal
500 _aIncludes Index
600 _aComputer Science
650 _aComputer science, information & general works
942 _cBK
_2ddc
999 _c6052
_d6052